00906nam a22001817a 4500003000900000008004100009020001800050040007100068082002500139100001600164245007900180260002900259300002900288505032500317650001700642650003500659650003000694AR-CdUCM190529b ||||| |||| 00| 0 spa d a9788490352854 aMUNICIPALIDAD PROVINCIAL DEL CUSCOcBIBLIOTECA MUNICIPAL DEL CUSCO a657.4/H2DbH2D2Once aHeizer, Jay aDirección de la producción y de operaciones :bDecisiones tácticas / aMadri ;bPearson,c2015. a528 Páginas. :c25 cm. aContenido: Dirección de la cadena de suministros -- Gestión de inventarios -- Planificación agregada planificación de ventas y operaciones -- Planificación de las necesidades de materiales -- Herramientas para la toma de decisiones -- Programación lineal -- Modelos de transporte -- curvas de aprendizaje ... aProducción aEconomía de la producción  aDiseño de producción